000
00291nam a2200109Ia 4500
008
230907s9999||||xx |||||||||||||| ||und||
082
_a
621.3815
_b
FUN
245
4
_a
The circuits and filters handbook :
260
_a
CRC Press,
_b
Boca Raton :
_c
2009
300
_a
1 v. (unpaged) :
942
_c
BK
999
_c
599324
_d
599324